Contribución al estudio de la reacción alcali-árido:. 1, Reconocimiento y caracterización de ópalos
Salvato in:
| Autore principale: | |
|---|---|
| Altri autori: | |
| Natura: | Libro |
| Lingua: | Spanish |
| Pubblicazione: |
Madrid: Centro de Estudios y Experimentación de Obras Públicas
1982
|
| Serie: | Cuadernos de investigación C,5
|
| Soggetti: | |
| Tags: |
Aggiungi Tag
Nessun Tag, puoi essere il primo ad aggiungerne!!
|
MARC
| LEADER | 00000nam a2200000Ia 4500 | ||
|---|---|---|---|
| 003 | 004516 | ||
| 005 | 20221231143942.0 | ||
| 008 | 140114s1982 sp a 000 ||spa d | ||
| 040 | |c cru CEDI | ||
| 082 | |a 553 B982c | ||
| 100 | |a Bustillo Revuelta, María Angeles |9 20730 | ||
| 245 | |a Contribución al estudio de la reacción alcali-árido:. 1, Reconocimiento y caracterización de ópalos | ||
| 260 | |a Madrid: Centro de Estudios y Experimentación de Obras Públicas |c 1982 | ||
| 300 | |a 60 páginas ; ilustraciones | ||
| 440 | |a Cuadernos de investigación C,5 |9 20732 | ||
| 650 | |x DIFRACCION DE RAYOS X |x MINERALOGIA |x MICROSCOPIA |9 20733 | ||
| 700 | |9 20731 |a Soriano Carrillo, Jesús | ||
| 942 | |2 ddc |c BK | ||
| 999 | |c 14711 |d 14711 | ||
